<?xml version="1.0" encoding="UTF-8"?>
<record
    xmlns:xsi="http://www.w3.org/2001/XMLSchema-instance"
    xsi:schemaLocation="http://www.loc.gov/MARC21/slim http://www.loc.gov/standards/marcxml/schema/MARC21slim.xsd"
    xmlns="http://www.loc.gov/MARC21/slim">

  <leader>01540nam0a22003251  4500</leader>
  <controlfield tag="001">rc\261623</controlfield>
  <controlfield tag="005">20260406063001.0</controlfield>
  <datafield tag="010" ind1=" " ind2=" ">
    <subfield code="a">5-7666-0411-4</subfield>
    <subfield code="d">10 &#x43A;.</subfield>
    <subfield code="9">1000</subfield>
  </datafield>
  <datafield tag="021" ind1=" " ind2=" ">
    <subfield code="a">RU</subfield>
    <subfield code="b">91-28674</subfield>
  </datafield>
  <datafield tag="035" ind1=" " ind2=" ">
    <subfield code="a">(NLR Aleph) 009037033</subfield>
  </datafield>
  <datafield tag="090" ind1=" " ind2=" ">
    <subfield code="a">9526328</subfield>
    <subfield code="c">9526328</subfield>
  </datafield>
  <datafield tag="100" ind1=" " ind2=" ">
    <subfield code="a">20030307d1991    |||y0rusy50      ca</subfield>
  </datafield>
  <datafield tag="101" ind1="0" ind2=" ">
    <subfield code="a">rus</subfield>
  </datafield>
  <datafield tag="102" ind1=" " ind2=" ">
    <subfield code="a">RU</subfield>
  </datafield>
  <datafield tag="105" ind1=" " ind2=" ">
    <subfield code="a">y   z||||||||</subfield>
  </datafield>
  <datafield tag="200" ind1="1" ind2=" ">
    <subfield code="a">&#x41E;&#x43D; &#x434;&#x43E;&#x441;&#x442;&#x43E;&#x438;&#x43D; &#x43F;&#x430;&#x43C;&#x44F;&#x442;&#x438; &#x43D;&#x430;&#x440;&#x43E;&#x434;&#x43D;&#x43E;&#x439;</subfield>
    <subfield code="e">(&#x43A;&#x440;&#x430;&#x442;&#x43A;&#x438;&#x439; &#x438;&#x441;&#x442;&#x43E;&#x440;&#x438;&#x447;&#x435;&#x441;&#x43A;&#x438;&#x439; &#x43E;&#x447;&#x435;&#x440;&#x43A; &#x43E; &#x422;. &#x42D;&#x43B;&#x44C;&#x434;&#x435;&#x440;&#x445;&#x430;&#x43D;&#x43E;&#x432;&#x435;)</subfield>
    <subfield code="f">&#x416;.&#x416;. &#x413;&#x430;&#x43A;&#x430;&#x435;&#x432;</subfield>
  </datafield>
  <datafield tag="210" ind1=" " ind2=" ">
    <subfield code="a">&#x413;&#x440;&#x43E;&#x437;&#x43D;&#x44B;&#x439;</subfield>
    <subfield code="c">&#x427;&#x435;&#x447;&#x435;&#x43D;&#x43E;-&#x418;&#x43D;&#x433;&#x443;&#x448;&#x441;&#x43A;&#x43E;&#x435; &#x438;&#x437;&#x434;&#x430;&#x442;&#x435;&#x43B;&#x44C;&#x441;&#x43A;&#x43E;-&#x43F;&#x43E;&#x43B;&#x438;&#x433;&#x440;&#x430;&#x444;&#x438;&#x447;&#x435;&#x441;&#x43A;&#x43E;&#x435; &#x43E;&#x431;&#x44A;&#x435;&#x434;&#x438;&#x43D;&#x435;&#x43D;&#x438;&#x435; "&#x41A;&#x43D;&#x438;&#x433;&#x430;"</subfield>
    <subfield code="d">1991</subfield>
  </datafield>
  <datafield tag="215" ind1=" " ind2=" ">
    <subfield code="a">40, [2] &#x441;.</subfield>
    <subfield code="d">20</subfield>
  </datafield>
  <datafield tag="300" ind1=" " ind2=" ">
    <subfield code="a">&#x41F;&#x435;&#x440;&#x435;&#x434; &#x432;&#x44B;&#x43F;. &#x434;&#x430;&#x43D;&#x43D;&#x44B;&#x43C;&#x438; &#x430;&#x432;&#x442;&#x43E;&#x440;: &#x416;&#x430;&#x431;&#x440;&#x430;&#x438;&#x43B; &#x416;&#x43E;&#x43A;&#x430;&#x43B;&#x430;&#x435;&#x432;&#x438;&#x447; &#x413;&#x430;&#x43A;&#x430;&#x435;&#x432;</subfield>
  </datafield>
  <datafield tag="600" ind1=" " ind2="1">
    <subfield code="a">&#x42D;&#x43B;&#x44C;&#x434;&#x430;&#x440;&#x445;&#x430;&#x43D;&#x43E;&#x432;</subfield>
    <subfield code="b">&#x422;.&#x42D;.</subfield>
    <subfield code="f">1870 - 1934</subfield>
    <subfield code="g">&#x422;&#x430;&#x448;&#x442;&#x435;&#x43C;&#x438;&#x440; &#x42D;&#x43B;&#x44C;&#x436;&#x443;&#x440;&#x43A;&#x430;&#x435;&#x432;&#x438;&#x447;</subfield>
    <subfield code="9">1983489</subfield>
    <subfield code="3">RU\NLR\AUTH\661196015</subfield>
  </datafield>
  <datafield tag="601" ind1="0" ind2="2">
    <subfield code="a">&#x41A;&#x41F;&#x421;&#x421;</subfield>
    <subfield code="b">&#x427;&#x435;&#x447;&#x435;&#x43D;&#x43E;-&#x418;&#x43D;&#x433;&#x443;&#x448;&#x441;&#x43A;&#x430;&#x44F; &#x43E;&#x440;&#x433;&#x430;&#x43D;&#x438;&#x437;&#x430;&#x446;&#x438;&#x44F;</subfield>
    <subfield code="x">&#x411;&#x438;&#x43E;&#x433;&#x440;&#x430;&#x444;&#x438;&#x438;</subfield>
    <subfield code="9">2063196</subfield>
    <subfield code="3">RU\NLR\AUTH\661237549</subfield>
  </datafield>
  <datafield tag="686" ind1="0" ind2=" ">
    <subfield code="a">&#x422;3(2)711.29-8</subfield>
    <subfield code="2">rubbk</subfield>
  </datafield>
  <datafield tag="700" ind1=" " ind2="1">
    <subfield code="8">rus</subfield>
    <subfield code="7">ca</subfield>
    <subfield code="a">&#x413;&#x430;&#x43A;&#x430;&#x435;&#x432;</subfield>
    <subfield code="b">&#x414;.&#x414;.</subfield>
    <subfield code="f">1942-2005</subfield>
    <subfield code="g">&#x414;&#x436;&#x430;&#x431;&#x440;&#x430;&#x438;&#x43B; &#x414;&#x436;&#x43E;&#x43A;&#x43E;&#x43B;&#x430;&#x435;&#x432;&#x438;&#x447;</subfield>
    <subfield code="3">RU\NLR\AUTH\7713108</subfield>
    <subfield code="9">122811</subfield>
  </datafield>
  <datafield tag="702" ind1=" " ind2="1">
    <subfield code="a">&#x42D;&#x43B;&#x44C;&#x434;&#x435;&#x440;&#x445;&#x430;&#x43D;&#x43E;&#x432;</subfield>
    <subfield code="b">&#x422;. &#x42D;.</subfield>
    <subfield code="f">1870-1934</subfield>
    <subfield code="g">&#x422;&#x430;&#x448;&#x442;&#x435;&#x43C;&#x438;&#x440; &#x42D;&#x43B;&#x44C;&#x436;&#x443;&#x440;&#x43A;&#x430;&#x435;&#x432;&#x438;&#x447;</subfield>
    <subfield code="4">570</subfield>
  </datafield>
  <datafield tag="801" ind1=" " ind2="0">
    <subfield code="a">RU</subfield>
    <subfield code="b">NLR</subfield>
    <subfield code="g">psbo</subfield>
  </datafield>
  <datafield tag="801" ind1=" " ind2="1">
    <subfield code="a">RU</subfield>
    <subfield code="b">ELAR</subfield>
    <subfield code="2">rusmarc</subfield>
  </datafield>
  <datafield tag="801" ind1=" " ind2="2">
    <subfield code="a">RU</subfield>
    <subfield code="b">NLR</subfield>
    <subfield code="c">20130215</subfield>
    <subfield code="2">rusmarc</subfield>
  </datafield>
  <datafield tag="852" ind1=" " ind2=" ">
    <subfield code="a">NLR</subfield>
    <subfield code="j">91-4/4817</subfield>
  </datafield>
  <datafield tag="942" ind1=" " ind2=" ">
    <subfield code="c">BOOK</subfield>
  </datafield>
  <datafield tag="980" ind1=" " ind2=" ">
    <subfield code="a">NB</subfield>
  </datafield>
  <datafield tag="995" ind1=" " ind2=" ">
    <subfield code="5">2013-10-26</subfield>
    <subfield code="b">NLR01</subfield>
    <subfield code="c">NLR01</subfield>
    <subfield code="e">RF9</subfield>
    <subfield code="f">9037033-10</subfield>
    <subfield code="k">91-4/4817</subfield>
    <subfield code="o">0</subfield>
    <subfield code="r">BOOK</subfield>
    <subfield code="s">9144817_</subfield>
  </datafield>
</record>
